| 000 | 00840nam a22002417a 4500 | ||
|---|---|---|---|
| 003 | OSt | ||
| 005 | 20260413160551.0 | ||
| 008 | 260413b |||||||| |||| 00| 0 eng d | ||
| 037 | _cThesis | ||
| 040 |
_aFEDL _beng _cFEDL |
||
| 041 |
_aeng _heng |
||
| 082 | _a371.911 SAR/TH | ||
| 100 |
_aSarita Devi _91234762 |
||
| 110 | _aUniversity of Delhi. Department of Education | ||
| 245 |
_aExperiences of learners with visual impairments about learning science at the upper primary level/ _cby Sarita Devi; Meenakshi R. Ingole. Supervisor. |
||
| 260 |
_aUniversity of Delhi _c2025 |
||
| 300 | _a175p. | ||
| 650 |
_aVISUAL IMPAIRMENTS _91234763 |
||
| 650 |
_aLEARNING SCIENCE _91234764 |
||
| 700 |
_aIngole, Meenakshi R. Supervisor. _91234765 |
||
| 942 |
_2ddc _cTH _h371.911 SAR/TH _n0 |
||
| 999 |
_c1848259 _d1848259 |
||